Rinconada : (Record no. 10063)

MARC details
000 -LEADER
fixed length control field 00560nam a22001817a 4500
003 - CONTROL NUMBER IDENTIFIER
control field OSt
005 - DATE AND TIME OF LATEST TRANSACTION
control field 20260430015626.0
008 - FIXED-LENGTH DATA ELEMENTS--GENERAL INFORMATION
fixed length control field 260430b |||||||| |||| 00| 0 eng d
020 ## - INTERNATIONAL STANDARD BOOK NUMBER
International Standard Book Number 971-92226-5-4
040 ## - CATALOGING SOURCE
Original cataloging agency DWC-Main Lib.
Transcribing agency OC
082 ## - DEWEY DECIMAL CLASSIFICATION NUMBER
Classification number Res. 808.8 L783r 2001
100 ## - MAIN ENTRY--PERSONAL NAME
Personal name Lobel, Jason William
245 ## - TITLE STATEMENT
Title Rinconada :
Remainder of title Bikol-Filipino-English phrasebook/
Statement of responsibility, etc. Jason William Lobel
260 ## - PUBLICATION, DISTRIBUTION, ETC.
Place of publication, distribution, etc. Phil. :
Name of publisher, distributor, etc. lobel & tria Partnership, Co.,
Date of publication, distribution, etc. c2001.
300 ## - PHYSICAL DESCRIPTION
Extent 71 p. :
Dimensions 12 cm.
700 ## - ADDED ENTRY--PERSONAL NAME
Personal name Bucad, Grace Uvero
942 ## - ADDED ENTRY ELEMENTS (KOHA)
Source of classification or shelving scheme Dewey Decimal Classification
Koha item type Book- Reserved
Classification part Res.
Suppress in OPAC No
952 ## - LOCATION AND ITEM INFORMATION (KOHA)
--
Holdings
Withdrawn status Lost status Source of classification or shelving scheme Damaged status Not for loan Home library Current library Shelving location Date acquired Cost, normal purchase price Total Checkouts Full call number Barcode Date last seen Copy number Price effective from Koha item type Uniform Resource Identifier
    Dewey Decimal Classification     College Library College Library Reserved 07/13/2004 0.00   Res. 808.8 L783r 2001 CL40463 04/30/2026 c1 04/30/2026 BK-0 CIRC